Multipurpose Australian trees and shrubs : (Record no. 12119)

000 -LEADER
fixed length control field 00569cam a2200169 a 4500
020 ## - INTERNATIONAL STANDARD BOOK NUMBER
ISBN 0949511234
040 ## - CATALOGING SOURCE
Transcribing agency ArU-Mon
082 ## - DEWEY DECIMAL CLASSIFICATION NUMBER
Classification number 583 AUS 1986 A032 Or.
245 00 - TITLE STATEMENT
Title Multipurpose Australian trees and shrubs :
Remainder of title lesser-known species for fuelwood and agroforestry /
260 ## - PUBLICATION, DISTRIBUTION, ETC. (IMPRINT)
Place of publication Canberra :
Name of publisher Australian Centre for International Agricultural Research,
Year of publication 1986.
300 ## - PHYSICAL DESCRIPTION
Number of Pages 316 p. :
Other physical details ill., maps ;
Dimensions 25 cm.
650 #0 - SUBJECT ADDED ENTRY--TOPICAL TERM
Topical Term Trees
650 #0 - SUBJECT ADDED ENTRY--TOPICAL TERM
Topical Term Shrubs
700 1# - ADDED ENTRY--PERSONAL NAME
Personal name Turnbull, J. W.
710 2# - ADDED ENTRY--CORPORATE NAME
Corporate name or jurisdiction name as entry element Australian Centre for International Agricultural Research.
942 ## - ADDED ENTRY ELEMENTS (KOHA)
Koha item type សៀវភៅភាសាអង់គ្លេស
952 ## - LOCATION AND ITEM INFORMATION (KOHA)
Withdrawn status [LOCAL, KOHA] 0
Holdings
Permanent Location Date acquired Koha item type Lost status Shelving location Barcode Current Location Full call number
Library Block A2017-08-10សៀវភៅភាសាអង់គ្លេស A032A08037Library Block A583 AUS 1986 A032 Or.
មជ្ឈមណ្ឌលឯការនៃសាកលវិទ្យាល័យភូមិន្ទកសិកម្មចំការដូង

Powered by Koha